000 01542cam a2200145 4500500
005 20260222000054.0
041 _afre
042 _adc
100 1 0 _aMestre, Claire
_eauthor
700 1 0 _aGéry, Marion
_eauthor
245 0 0 _aÉcritures du soin
260 _bLa Pensée sauvage,
_c2025.
520 _aQue dire de la place des écritures dans nos disciplines transculturelles qui n’hésitent pas à prendre le risque de la fiction pour s’emparer de la diversité du réel, des exils, des traumas et des rencontres ? Les frontières entre les écritures scientifiques et les écritures fictives se révèlent parfois ténues. Elles se déplacent, se réajustent, s’invitent et s’explorent mutuellement pour dialoguer et se réinventer. C’est dire combien elles sont devenues complémentaires pour comprendre les mondes métissés d’aujourd’hui. Le projet de ce livre collectif est dédié à des écritures qui s’emparent de la réalité. Les fictions, qui s’y déploient, s’affrontent à l’indicible et à l’imprévu pour façonner de nouvelles connaissances. Chacun de ces textes œuvre à la transformation de notre rapport à l’autre comme autant d’humanités à retrouver. Des romanciers, des essayistes, des anthropologues, des psychanalystes… par leur travail d’écriture, deviennent des témoins dans les histoires de déplacements, de changements de langue, de lieux et d’univers.
856 4 1 _uhttps://shs.cairn.info/ecritures-du-soin--9782859193669?lang=fr&redirect-ssocas=7080
999 _c1662474
_d1662474